El parto II /

Muchas preguntas surgen a cada minuto. La relación del médico con el padre y la madre es fundamental para evacuar las dudas. Información sobre la medicalización del parto, el uso de fórceps, los controles del bebé en el hospital, las vacunas que necesita y mucho más.

Guardado en:
Autor Principal: Cohen, Ricardo
Autor Corporativo: Canal Encuentro.
Otros Autores: Peña, Florencia; Conducción.
Formato: Deslizar
Publicado: Argentina, 2011.
Series:Maternidad, 9 meses y algo más
DVD 2
Materias:
Etiquetas: Agregar Etiqueta
Sin Etiquetas, Sea el primero en etiquetar este registro!
LEADER 01232ngm a22003495g 4500
001 CEM.cems023766
008 130507s2011##################0###0#####d
005 20250701160847.0
245 1 0 |a El parto II /  |c Ricardo Cohen. 
260 |a Argentina,  |c 2011. 
300 |a 28'. 
490 0 |a Maternidad, 9 meses y algo más 
490 1 |a DVD 2 
500 |a Consultar en ventanilla. 
520 |a Muchas preguntas surgen a cada minuto. La relación del médico con el padre y la madre es fundamental para evacuar las dudas. Información sobre la medicalización del parto, el uso de fórceps, los controles del bebé en el hospital, las vacunas que necesita y mucho más. 
538 |a Soporte: DVD - Color: Si - Grabación DRD. 
100 1 |a Cohen, Ricardo 
700 1 |a Peña, Florencia; Conducción. 
710 2 |a Canal Encuentro. 
082 6 1 |/ COH-2 
653 |a SALUD 
653 |a MATERNIDAD 
653 |a SALUD REPRODUCTIVA 
653 |a EMBARAZO 
653 |a MEDICINA 
653 |a GINECOLOGIA 
653 |a EDUCACION SEXUAL 
653 |a PARTO 
653 |a CONCEPCION 
653 |a OBSTETRICIA 
653 |a SERIE DE TELEVISIÓN 
859 |a CEMS  |b BIB. CEMS - Depto. Recursos Didacticos  |h 614  |i COH-2  |k DRD  |p 2409.15  |t Ej.1